MARC

LEADER 00000nam0a2200000 4500
001 356361
005 20231102010903.0
035 |a (RuTPU)RU\TPU\retro\13621 
090 |a 356361 
100 |a 20200720d1934 akmy0rusy50 ca 
101 0 |a rus 
102 |a RU 
105 |a y z 001zb 
200 1 |a Старый большевик  |e сборник  |h 3 (11)  |f отв. ред. П. Лепешинский 
210 |a Москва  |c Издательство "Старый Большевик"  |d 1934 
215 |a 178 с. 
320 |a Библиография в ссылках 
600 1 |a Ленин  |b В. И.  |c настоящая фамилия Ульянов  |c российский политический деятель  |f 1870-1924  |g Владимир Ильич  |2 stltpush  |3 (RuTPU)RU\TPU\pers\1074  |9 486 
606 1 |a КПСС  |x История  |2 stltpush  |3 (RuTPU)RU\TPU\subj\75563  |9 87279 
610 1 |a политические партии 
610 1 |a Россия 
610 1 |a 19 век 
610 1 |a 20 век 
610 1 |a марксизм 
610 1 |a произведения 
610 1 |a произведения 
610 1 |a ВКПб 
610 1 |a ленинские производство 
610 1 |a воспоминания 
610 1 |a критика 
610 1 |a художественная литература 
686 |a Ф61(2)2  |v LBC/SL-A  |2 rubbk 
702 1 |a Лепешинский  |b П.  |4 340 
801 1 |a RU  |b 63413507  |c 20200720 
801 2 |a RU  |b 63413507  |c 20200729  |g RCR 
942 |c BK